Charakterizácia kvasiniek sprievodného mikrobiómu cibéb

Enregistré dans:
Détails bibliographiques
Auteur principal: Kristová, Aneta (Auteur)
Autres auteurs: Furdíková, Katarína (Directeur de thèse)
Format: Manuscrit Livre
Langue:slovaque
Publié: 2022
Sujets:
Accès en ligne:http://is.stuba.sk/zp/portal_zp.pl?podrobnosti=163760
Tags: Ajouter un tag
Pas de tags, Soyez le premier à ajouter un tag!

MARC

LEADER 00000ntm a22000003a 4500
001 stuzp90331
003 SK-STU
005 20220604210758.2
007 ta
008 150427s2015----xo-----f-mn---000-0-slo-d
040 |a STU  |b slo 
041 0 |a slo 
100 1 |a Kristová, Aneta  |u 044000  |4 aut  |U FCHPT Fakulta chemickej a potravinárskej technológie  |T FCHPT Ústav biotechnológie  |X 91871  |U C4000  |Y 102  |7 91871 
242 0 1 |a Characterization of noble-rotten grape berry yeast microbiome  |y eng 
245 1 0 |a Charakterizácia kvasiniek sprievodného mikrobiómu cibéb 
260 |c 2022 
650 4 |a tokajské víno  |2 slo 
650 4 |a kvasinky  |2 slo 
650 4 |a B. cinerea  |2 slo 
650 4 |a cibéby  |2 slo 
650 4 |a prchavé organické zlúčeniny  |2 slo 
650 4 |a tokaj wine  |2 eng 
650 4 |a B. cinerea  |2 eng 
650 4 |a noble-rotten grape berries  |2 eng 
650 4 |a volatile organic compounds  |2 eng 
650 4 |a yeasts  |2 eng 
700 1 |a Furdíková, Katarína  |u 044000  |k Z1  |4 ths  |U FCHPT Fakulta chemickej a potravinárskej technológie  |T FCHPT Ústav biotechnológie  |X 42534  |U C4000  |Y 102  |7 A000042534 
856 4 |u http://is.stuba.sk/zp/portal_zp.pl?podrobnosti=163760